|
|
|
|
| LEADER |
01263nam a2200289 a 4500 |
| 001 |
15747564 |
| 003 |
BD-DhAAL |
| 008 |
121231s2009 txua b 001 0 eng |
| 999 |
|
|
|c 13087
|d 13087
|
| 010 |
|
|
|a 2009277897
|
| 020 |
|
|
|a 9781597180474
|
| 020 |
|
|
|a 1597180475
|
| 040 |
|
|
|a BTCTA
|c BTCTA
|d IWA
|d BWX
|d YDXCP
|d IUL
|d DLC
|d BD-DhAAL
|
| 082 |
0 |
0 |
|a 005.5/5
|2 22
|
| 100 |
1 |
|
|a Long, J. Scott.
|9 45377
|
| 245 |
1 |
4 |
|a The workflow of data analysis using Stata /
|c J. Scott Long.
|
| 260 |
|
|
|a College Station, Tex. :
|b Stata Press,
|c c2009.
|
| 300 |
|
|
|a xxxi, 379 pages :
|b illustrations ;
|c 24 cm.
|
| 504 |
|
|
|a Includes bibliographical references (p. [359]-362) and index.
|
| 541 |
|
|
|e 00026444
|
| 630 |
0 |
0 |
|a Stata.
|9 45378
|
| 650 |
|
0 |
|a Statistics
|x Computer programs.
|9 45379
|
| 650 |
|
0 |
|a Statistics
|x Data processing.
|9 45380
|
| 852 |
1 |
|
|a Ayesha Abed Library
|j General shelf
|
| 942 |
|
|
|2 ddc
|c BK
|
| 952 |
|
|
|0 0
|1 0
|4 0
|6 005_550000000000000_LON
|7 0
|9 21747
|a BRACUL
|b BRACUL
|c GEN
|d 2012-12-31
|e Trim Education
|g 5725.00
|l 2
|m 43
|o 005.55 LON
|p 3010026444
|r 2016-08-11
|s 2016-02-08
|t 1
|w 2012-12-31
|y BK
|
| 952 |
|
|
|0 0
|1 0
|4 0
|6 005_550000000000000_LON
|7 0
|9 21748
|a BRACUL
|b BRACUL
|c GEN
|d 2012-12-31
|e Trim Education
|g 5725.00
|l 2
|m 12
|o 005.55 LON
|p 3010026445
|r 2017-05-11
|s 2017-02-13
|t 2
|w 2012-12-31
|y BK
|